| 000 | 00413nam a22001697a 4500 | ||
|---|---|---|---|
| 003 | MPLRDC | ||
| 005 | 20220104124253.0 | ||
| 008 | 210129b ||||| |||| 00| 0 eng d | ||
| 082 | _a578.219 WLH | ||
| 100 | _a吴良肱编著 | ||
| 245 |
_a费正清这个人 _c |
||
| 250 | _a初版 | ||
| 260 |
_a _b德昌出版社 _c1977 |
||
| 300 | _b平 | ||
| 650 | _a中国外交--国际地位 | ||
| 942 |
_cBK _o578.219 WLH |
||
| 999 |
_c17996 _d17986 |
||